Welcome to the Holygrace Academy Library

Please use search bar below to get started

MASTERING SCIENCE (Record no. 955)

MARC details
000 -LEADER
fixed length control field 00316nam a22001337a 4500
020 ## - INTERNATIONAL STANDARD BOOK NUMBER
ISBN 978-81-8477-493-1
082 ## - DEWEY DECIMAL CLASSIFICATION NUMBER
Classification number 570
Item number BAS/M
100 ## - MAIN ENTRY--AUTHOR NAME
Personal name BIMAN BASU
245 ## - TITLE STATEMENT
Title MASTERING SCIENCE
Remainder of title CLASS VIII
260 ## - PUBLICATION, DISTRIBUTION, ETC. (IMPRINT)
Place of publication DELHI
Name of publisher SCHOLASTIC INDIA
Year of publication 2011
300 ## - PHYSICAL DESCRIPTION
Number of Pages 247
650 ## - SUBJECT ADDED ENTRY--TOPICAL TERM
Topical Term SCIENCE FOR CLASS VIII
Geographic subdivision INDIA
942 ## - ADDED ENTRY ELEMENTS (KOHA)
Koha item type Books
Holdings
Withdrawn status Lost status Collection code Home library Current library Shelving location Date acquired Source of acquisition Full call number Accession Number Koha item type Cost, normal purchase price
    Reference Main Library Main Library SHELF 7E CLASS 7,8,9 MIX 25/09/2014 purchase 570 BAS/M 09516 Books  
    Reference Main Library Main Library SHELF 7E CLASS 7,8,9 MIX 07/10/2015 purchase 570 BAS/M 07825 Books 260.00